000 00340nam a22001097a 4500
040 _cRUA
082 _a155 BUN 2023 A126 Or.
100 _aBUN TEAN , ប៊ុន ទៀន
245 _aមូលដ្ឋានសំខាន់ភាពស៊ាំវិទ្យា, Essential immunology
260 _aPHNOM PENH
_bRUA
_c2023
942 _cKB
999 _c23987
_d23987